00395nam a22001217a 4500020000800000040001700008082001700025100002400042245008800066250001100154260007300165300003500238 qPB. cFizza Ishaq  a301.633bHUG aGraham, Davis Hugh. aVIOLENCE IN AMERICA: HISTORICAL AND COMPARATIVE PERSPECTIVES /c Hugh Davis Graham. aVol. 1 bNational Commission on the Causes and Prevention of Violence,c1969. a301 p, ; c5.8 x 9 x .7 inches